[Event "IECG CP.2001.S.00001 email"]
[Site "IECG email"]
[Date "2003.10.01"]
[Round "?"]
[White "Olsen, Karl Johan"]
[Black "Alberny, Maurice"]
[Result "1-0"]
[WhiteElo "2333"]
[BlackElo "2025"]
[PlyCount "111"]
[EventDate "2003.10.01"]
[EventType "tourn (corr)"]
[EventRounds "6"]
[SourceTitle "Corr 2008"]
[Source "ChessBase"]
[SourceDate "2008.06.24"]
[SourceVersion "1"]
[SourceVersionDate "2008.06.24"]
[SourceQuality "1"]

1. d4 d5 2. c4 dxc4 3. e3 e5 4. Bxc4 Nc6 5. Nf3 Bb4+ 6. Nc3 exd4 7. exd4 Nf6 8. a3 Be7 9. d5 Nb8 10. Bf4 a6 11. 0-0 0-0 12. Nd4 Re8 13. Re1 Nbd7 14. Nf5 Bc5 15. Rxe8+ Qxe8 16. b4 Ba7 17. d6 Nb6 18. Ne7+ Kh8 19. Ba2 Bg4 20. Qd2 Qd7 21. Re1 Be6 22. Be5 Nh5 23. Qh6 cxd6 24. Bb1 f5 25. Bd4 Nc4 26. Ncd5 Bxd4 27. Qxh5 h6 28. Ng6+ Kh7 29. Ndf4 Ne5 30. Nxe5 Bxe5 31. Qg6+ Kg8 32. Nxe6 Qf7 33. Bxf5 Qxg6 34. Bxg6 Rc8 35. f4 Bb2 36. Re3 Rc3 37. Rxc3 Bxc3 38. Kf2 Bb2 39. a4 Bc3 40. b5 axb5 41. axb5 Bb2 42. h4 Bc3 43. g4 Bd2 44. h5 Bc3 45. Ke3 d5 46. Kd3 Bb2 47. Nc5 Kf8 48. Nxb7 Ke7 49. b6 Bc1 50. Kd4 Bxf4 51. Kxd5 Kf6 52. Nd6 Ke7 53. Ne8 Be3 54. b7 Ba7 55. Nxg7 Kf6 56. Ne6 1-0

[Event "IECG CP.2001.Q.00021 email"]
[Site "IECG email"]
[Date "2002.10.04"]
[Round "?"]
[White "Jensen, Soeren"]
[Black "Olsen, Karl Johan"]
[Result "0-1"]
[WhiteElo "1885"]
[BlackElo "2250"]
[PlyCount "62"]
[EventDate "2002.10.01"]
[EventType "tourn (corr)"]
[EventRounds "10"]
[EventCountry "DEN"]
[SourceTitle "Corr 2008"]
[Source "ChessBase"]
[SourceDate "2008.06.24"]
[SourceVersion "1"]
[SourceVersionDate "2008.06.24"]
[SourceQuality "1"]

1. Nc3 d5 2. e4 d4 3. Nce2 e5 4. Ng3 Ne7 5. Bc4 Ng6 6. Nf3 Nc6 7. 0-0 h5 8. d3 Na5 9. Bb5+ c6 10. Ba4 b5 11. Bb3 Nxb3 12. axb3 h4 13. Nf5 h3 14. g3 c5 15. c3 Qf6 16. Bg5 Qc6 17. b4 f6 18. Bd2 dxc3 19. bxc3 c4 20. Ne1 cxd3 21. Qg4 Ne7 22. Nxe7 Kxe7 23. Qf3 Bb7 24. Nxd3 Qxe4 25. Qxe4 Bxe4 26. Nc5 Bg2 27. Rfe1 Kf7 28. Be3 Be7 29. f4 exf4 30. gxf4 a5 31. Rec1 Rh4 0-1

[Event "IECG CM.2002.0.00197 email"]
[Site "IECG email"]
[Date "2002.10.02"]
[Round "?"]
[White "Olsen, Karl Johan"]
[Black "Wurschner, Miroslav"]
[Result "1-0"]
[WhiteElo "2250"]
[BlackElo "2227"]
[PlyCount "71"]
[EventDate "2002.10.02"]
[EventType "tourn (corr)"]
[EventRounds "6"]
[SourceTitle "Corr 2008"]
[Source "ChessBase"]
[SourceDate "2008.06.24"]
[SourceVersion "1"]
[SourceVersionDate "2008.06.24"]
[SourceQuality "1"]

1. d4 Nf6 2. c4 e6 3. Nf3 d5 4. Bg5 Be7 5. Nc3 0-0 6. e3 Nbd7 7. Rc1 c6 8. Bd3 dxc4 9. Bxc4 Nd5 10. Bxe7 Qxe7 11. 0-0 Nxc3 12. Rxc3 e5 13. d5 Nb6 14. e4 cxd5 15. exd5 Rd8 16. Bb3 Bg4 17. Re1 Rd6 18. h3 Bxf3 19. Qxf3 a5 20. a4 Nd7 21. Rc7 b6 22. Rec1 Rd8 23. R1c6 Qf8 24. Qc3 Nc5 25. Bc4 Nd7 26. b4 axb4 27. Qxb4 Nf6 28. Qxb6 Nxd5 29. Bxd5 Rxd5 30. a5 e4 31. a6 h6 32. a7 Qe8 33. Rc1 Kh7 34. g4 Rd3 35. Qc5 R3d5 36. Qc6 1-0

[Event "IECG CM.2002.0.00197 email"]
[Site "IECG email"]
[Date "2002.10.02"]
[Round "?"]
[White "Sacerdotali, Sergio"]
[Black "Olsen, Karl Johan"]
[Result "1/2-1/2"]
[WhiteElo "2232"]
[BlackElo "2250"]
[PlyCount "112"]
[EventDate "2002.10.02"]
[EventType "tourn (corr)"]
[EventRounds "6"]
[SourceTitle "Corr 2008"]
[Source "ChessBase"]
[SourceDate "2008.06.24"]
[SourceVersion "1"]
[SourceVersionDate "2008.06.24"]
[SourceQuality "1"]

1. e4 c5 2. Nf3 Nc6 3. d4 cxd4 4. Nxd4 Nf6 5. Nc3 e5 6. Ndb5 d6 7. Bg5 a6 8. Na3 b5 9. Bxf6 gxf6 10. Nd5 f5 11. g3 fxe4 12. Bg2 Bf5 13. 0-0 h5 14. f3 Be6 15. fxe4 h4 16. Nf6+ Ke7 17. Nd5+ Kd7 18. g4 h3 19. Bf3 Bh6 20. Qd3 Bxd5 21. Qxd5 Qb6+ 22. Kh1 Ke7 23. g5 Bxg5 24. Bh5 Raf8 25. Rxf7+ Rxf7 26. Qxf7+ Kd8 27. Bg4 Ne7 28. Rd1 Rh6 29. Qf8+ Kc7 30. c4 Rh4 31. Qf3 b4 32. Nc2 Nc6 33. a3 bxa3 34. b4 Bf4 35. Rxd6 Rxg4 36. Qxg4 Qf2 37. Rd7+ Kb6 38. Qg1 Qxg1+ 39. Kxg1 a2 40. c5+ Kb5 41. Rb7+ Kc4 42. Rb6 a1Q+ 43. Nxa1 Nxb4 44. Rb8 Kxc5 45. Nb3+ Kc4 46. Na5+ Kc3 47. Rh8 Kd3 48. Rxh3+ Kxe4 49. Rc3 Nd5 50. Ra3 Kd4 51. h4 Ke4 52. Nc6 Kf5 53. Ra5 Nc3 54. Kg2 Kg4 55. Nxe5+ Bxe5 56. Rxe5 Kxh4 1/2-1/2

[Event "IECG CP.2001.P.00032"]
[Site "IECG email"]
[Date "2001.10.01"]
[Round "?"]
[White "Olsen, Karl Johan"]
[Black "Richkov, Sergei"]
[Result "1-0"]
[WhiteElo "2050"]
[BlackElo "1506"]
[PlyCount "53"]
[EventDate "2001.10.01"]
[EventType "tourn (corr)"]
[EventRounds "6"]
[SourceTitle "Corr 2008"]
[Source "ChessBase"]
[SourceDate "2008.06.24"]
[SourceVersion "1"]
[SourceVersionDate "2008.06.24"]
[SourceQuality "1"]

1. d4 d5 2. c4 e6 3. Nf3 Nf6 4. e3 c5 5. cxd5 exd5 6. Qc2 b6 7. Nc3 Nc6 8. Ne5 Bd7 9. Bb5 Nxe5 10. dxe5 Bxb5 11. Nxb5 Nd7 12. f4 a6 13. Nc3 d4 14. Nd5 dxe3 15. Bxe3 Be7 16. 0-0-0 Ra7 17. Rhe1 0-0 18. Bf2 Qe8 19. Qe4 Bd8 20. f5 b5 21. Qe3 h6 22. f6 Qe6 23. Qg3 g5 24. h4 Qf5 25. hxg5 Qxg5+ 26. Re3 Re8 27. Qh2 1-0

[Event "IECG CP.2001.P.00032"]
[Site "IECG email"]
[Date "2001.10.01"]
[Round "?"]
[White "Olsen, Karl Johan"]
[Black "Scarani, Antonio"]
[Result "1-0"]
[WhiteElo "2050"]
[BlackElo "1915"]
[PlyCount "95"]
[EventDate "2001.10.01"]
[EventType "tourn (corr)"]
[EventRounds "6"]
[SourceTitle "Corr 2008"]
[Source "ChessBase"]
[SourceDate "2008.06.24"]
[SourceVersion "1"]
[SourceVersionDate "2008.06.24"]
[SourceQuality "1"]

1. d4 Nf6 2. c4 g6 3. Nc3 d5 4. cxd5 Nxd5 5. e4 Nxc3 6. bxc3 Bg7 7. Qa4+ Nd7 8. Nf3 0-0 9. Rb1 c5 10. Be3 Nb6 11. Qc2 cxd4 12. cxd4 Bg4 13. Ne5 Be6 14. Be2 Rc8 15. Qb2 Bxe5 16. dxe5 Nc4 17. Bxc4 Bxc4 18. f3 e6 19. Kf2 b6 20. Rhd1 Qh4+ 21. Kg1 Rc7 22. Rd6 Rfc8 23. Rbd1 Ba6 24. g3 Qe7 25. Bh6 Bb7 26. Qd2 Re8 27. a4 f5 28. exf6 Qxf6 29. Rd7 Rxd7 30. Qxd7 Qf7 31. Qb5 Bc8 32. Qe5 Ba6 33. h4 Bb7 34. Bc1 Qe7 35. Be3 Rf8 36. Bd4 Kf7 37. a5 Bc6 38. axb6 axb6 39. Ra1 Rg8 40. Ra6 Bb7 41. Ra7 Qd7 42. Qf4+ Ke7 43. Bb2 Ra8 44. Qf6+ Kd6 45. Qe5+ Kc6 46. Qc3+ Kb5 47. Qb3+ Kc6 48. Qc2+ 1-0

[Event "IECG C1.2001.0.00333"]
[Site "IECG email"]
[Date "2001.01.28"]
[Round "?"]
[White "Olsen, Karl Johan"]
[Black "Garcia, Hamlet Danilo"]
[Result "1-0"]
[WhiteElo "2050"]
[BlackElo "2191"]
[PlyCount "92"]
[EventDate "2001.01.28"]
[EventType "tourn (corr)"]
[EventRounds "6"]
[SourceTitle "Corr 2008"]
[Source "ChessBase"]
[SourceDate "2008.06.24"]
[SourceVersion "1"]
[SourceVersionDate "2008.06.24"]
[SourceQuality "1"]

1. e4 e5 2. f4 d5 3. exd5 e4 4. d3 Nf6 5. dxe4 Nxe4 6. Nf3 Bc5 7. Qe2 Bf5 8. Nc3 Qe7 9. Be3 Nxc3 10. Bxc5 Nxe2 11. Bxe7 Nxf4 12. Ba3 Nxd5 13. 0-0-0 c6 14. Bd3 Be6 15. Rhe1 Nd7 16. Bf5 0-0-0 17. Bxe6 fxe6 18. Ng5 b5 19. Rxe6 Nc7 20. Rxc6 Ne5 21. Rxc7+ Kxc7 22. Ne6+ Kc8 23. Rxd8+ Rxd8 24. Nxd8 Kxd8 25. Bc5 Nc6 26. Kd2 Kd7 27. c4 a6 28. cxb5 axb5 29. b3 Ke6 30. a4 bxa4 31. bxa4 Kd5 32. Bb6 Kc4 33. Ke3 Kb4 34. a5 Nxa5 35. Bxa5+ Kxa5 36. Kd4 Kb5 37. Kd5 Kb4 38. g4 Kc3 39. h3 Kd3 40. Ke6 Ke4 41. Kf7 g5 42. Kg7 Kf3 43. Kxh7 Kg3 44. Kg6 Kh4 45. Kf6 Kg3 46. Kxg5 Kxh3 1-0